Cukrovarníci verzus spotrebitelia
Spory o cukor v predvstupovom procese do EÚ. Problém ochrany trhu, regulácie trhu a návrh kvót zo strany EÚ. Integračné procesy SR v oblasti trhu s cukrom.
Guardado en:
| Formato: | Capítulo de libro |
|---|---|
| Lenguaje: | eslovaco |
| Materias: | |
| Etiquetas: |
Sin Etiquetas, Sea el primero en etiquetar este registro!
|
MARC
| LEADER | 00000naa a2200000 4500 | ||
|---|---|---|---|
| 001 | r044867 | ||
| 005 | 20231002114523.0 | ||
| 041 | 0 | |a slo | |
| 044 | |a SK | ||
| 245 | 1 | 0 | |a Cukrovarníci verzus spotrebitelia |
| 520 | |a Spory o cukor v predvstupovom procese do EÚ. Problém ochrany trhu, regulácie trhu a návrh kvót zo strany EÚ. Integračné procesy SR v oblasti trhu s cukrom. | ||
| 610 | 2 | 0 | |a cukor |
| 610 | 2 | 0 | |a spotrebitelia |
| 610 | 2 | 0 | |a ochrana trhu |
| 610 | 2 | 0 | |a regulácia trhu |
| 610 | 2 | 0 | |a kvóty |
| 610 | 2 | 0 | |a integrácia |
| 610 | 2 | 0 | |a Európska únia |
| 610 | 2 | 0 | |a Slovensko |